000
00249nam a22000857a 4500
008
160630b xxu||||| |||| 00| 0 eng d
100
_9
1565
_a
Garg, P.K
245
_a
Questions for Revision in Mathematics - X
260
_a
New Delhi
_b
Arya Publication
_c
2005
999
_c
1294
_d
1294